[Event "Tournoi Skype 032A"]
[Site "Skype"]
[Date "????.??.??"]
[Round "6.1"]
[White "Elias, Roberto"]
[Black "Grosso, Raul"]
[Result "1/2-1/2"]
[WhiteElo "1821"]
[BlackElo "1848"]
[PlyCount "94"]

1. Nf3 c5 2. b3 Nc6 3. Bb2 d5 4. e3 Nf6 5. Be2 e6 6. O-O Bd6 7. c4 O-O 8. cxd5
exd5 9. Nc3 Re8 10. Rc1 a6 11. Na4 Nd7 12. Ba3 Qe7 13. d4 cxd4 14. Bxd6 Qxd6
15. Nxd4 Nde5 16. Nb6 Rb8 17. Nxc6 Nxc6 18. Qxd5 Qa3 19. Nxc8 Rbxc8 20. Bc4 Ne5
21. Bb5 Rxc1 22. Bxe8 Rxf1+ 23. Kxf1 Qc1+ 24. Ke2 Qc2+ 25. Qd2 Qc8 26. f4 Qg4+
27. Ke1 Qh4+ 28. Kd1 Qg4+ 29. Qe2 Qc8 30. fxe5 Qxe8 31. Qd2 h6 32. Qd5 Qc8 33.
Kd2 Qc7 34. e6 fxe6 35. Qxe6+ Kf8 36. Qf5+ Kg8 37. h3 Qd6+ 38. Qd3 Qg3 39. Qd5+
Kh7 40. Kd3 Qe1 41. Qxb7 Qd1+ 42. Kc3 Qc1+ 43. Kb4 Qd2+ 44. Ka3 Qa5+ 45. Kb2
Qd2+ 46. Kb1 Qd1+ 47. Kb2 Qd2+ 1/2-1/2

[Event "Tournoi Skype 032A"]
[Site "Skype"]
[Date "????.??.??"]
[Round "6.2"]
[White "Ricieri, Vinicius"]
[Black "Pirola, Gabriele"]
[Result "1-0"]
[WhiteElo "1878"]
[BlackElo "1702"]
[PlyCount "131"]

1. e4 e5 2. Nf3 Nc6 3. d4 exd4 4. Nxd4 Nf6 5. Nxc6 bxc6 6. e5 Qe7 7. Qe2 Nd5 8.
c4 Ba6 9. b3 g6 10. Bb2 Bg7 11. g3 O-O 12. Bg2 Rfe8 13. O-O Bxe5 14. Bxe5 Qxe5
15. Qxe5 Rxe5 16. cxd5 Bxf1 17. Kxf1 cxd5 18. Nc3 c6 19. Rc1 Rae8 20. Bf3 Kg7
21. Ne2 f5 22. Nd4 g5 23. h3 Kg6 24. g4 fxg4 25. hxg4 Rf8 26. b4 a6 27. a3 Rf4
28. Rd1 h6 29. Rd3 Kf6 30. Nf5 h5 31. Ng3 hxg4 32. Nh5+ Kf5 33. Nxf4 gxf4 34.
Bd1 f3 35. Rd4 Re4 36. Bc2 Ke5 37. Bxe4 Kxd4 38. Bf5 Kc3 39. Bxg4 d4 40. Bxf3
Kd2 41. Be4 d3 42. a4 Kc3 43. Ke1 d5 44. Bf5 d2+ 45. Kd1 Kxb4 46. Kxd2 Kxa4 47.
Bc8 a5 48. f4 Kb5 49. f5 Kc5 50. f6 Kd6 51. Kd3 c5 52. Kc3 c4 53. f7 Ke7 54.
Be6 a4 55. Bxd5 a3 56. Bxc4 Kf8 57. Kb3 Ke7 58. Kxa3 Kf8 59. Kb3 Ke7 60. Kc3
Kf8 61. Kd4 Ke7 62. Ke5 Kf8 63. Kf5 Ke7 64. Kg6 Kf8 65. Bb3 Ke7 66. Kg7 1-0

[Event "Tournoi Skype 032A"]
[Site "Skype"]
[Date "????.??.??"]
[Round "6.3"]
[White "Franco Flores, Ximena"]
[Black "Calcino, Luis"]
[Result "1-0"]
[WhiteElo "1594"]
[BlackElo "1848"]
[PlyCount "55"]

1. e4 c6 2. d4 d5 3. exd5 cxd5 4. Bd3 Nc6 5. c3 Nf6 6. Nf3 e6 7. O-O Be7 8.
Nbd2 O-O 9. Re1 Re8 10. Ne5 Bf8 11. Ndf3 h6 12. h3 Qc7 13. Bf4 Qe7 14. Bg3 Bd7
15. Bh4 g6 16. Nxd7 g5 17. Nxf6+ Qxf6 18. Bg3 Qg7 19. a4 Rad8 20. a5 a6 21. b4
f6 22. b5 axb5 23. Bxb5 Ra8 24. a6 Qd7 25. Qd3 Kg7 26. axb7 Qxb7 27. Bxc6 Qxc6
28. Ne5 1-0

[Event "Tournoi Skype 032A"]
[Site "Skype"]
[Date "????.??.??"]
[Round "6.4"]
[White "Raut, Suryakant"]
[Black "Rico Hernandez, Edgar"]
[Result "0-1"]
[WhiteElo "1542"]
[BlackElo "1843"]
[PlyCount "52"]

1. e4 c6 2. d4 d5 3. Nd2 dxe4 4. Nxe4 Bf5 5. Ng3 Bg6 6. Nf3 Nd7 7. c3 e6 8. Bg5
Be7 9. Bf4 Ngf6 10. Bd3 Nd5 11. Bc1 Qa5 12. Qd2 Bd6 13. Bxg6 hxg6 14. Ne2 Qc7
15. Qc2 Rc8 16. h3 c5 17. Bg5 a6 18. O-O O-O 19. a3 Nf4 20. Nxf4 Bxf4 21. Rad1
Bxg5 22. Nxg5 Nf6 23. Rfe1 Rfd8 24. dxc5 Qxc5 25. Rxd8+ Rxd8 26. Qe2 Qxg5 0-1

[Event "Tournoi Skype 032A"]
[Site "Skype"]
[Date "????.??.??"]
[Round "6.5"]
[White "Sequeda Pimiento, Javier Ricardo"]
[Black "Resende, Paulo"]
[Result "1-0"]
[WhiteElo "1576"]
[BlackElo "1929"]
[PlyCount "75"]

1. e4 e5 2. Nf3 Nf6 3. Nxe5 d6 4. Nf3 Nxe4 5. d3 Nf6 6. Bg5 Be7 7. Qe2 O-O 8.
Nc3 c6 9. g3 Re8 10. O-O-O h6 11. Be3 Ng4 12. Bg2 Nxe3 13. fxe3 d5 14. Kb1 Bg4
15. h3 Bxf3 16. Qxf3 Nd7 17. Rhf1 Nf6 18. e4 d4 19. Ne2 Qb6 20. e5 Ba3 21. b3
Rxe5 22. h4 Rae8 23. Nf4 Qb4 24. c4 Re1 25. Qf2 Rxd1+ 26. Rxd1 Ng4 27. Qxd4 Re1
28. Bf3 Ne3 29. Qd8+ Kh7 30. Be4+ g6 31. Bxg6+ fxg6 32. Qd7+ Kg8 33. Qe8+ Kg7
34. Ne6+ Kf6 35. Qh8+ Kxe6 36. Qe8+ Kd6 37. Qd8+ Kc5 38. d4# 1-0

[Event "Tournoi Skype 032A"]
[Site "Skype"]
[Date "????.??.??"]
[Round "6.6"]
[White "Hahnewald, Uwe"]
[Black "Yeter, Orhan"]
[Result "0-1"]
[WhiteElo "1869"]
[BlackElo "1578"]
[PlyCount "49"]

1. e4 e5 2. Nf3 Nc6 3. Bc4 Bc5 4. d3 Nf6 5. O-O O-O 6. c3 a6 7. Re1 d6 8. Nbd2
Na5 9. b4 Nxc4 10. Nxc4 Ba7 11. Be3 Bxe3 12. Nxe3 Be6 13. Qc2 h6 14. d4 exd4
15. cxd4 Rc8 16. Rad1 d5 17. e5 Ne4 18. Nd2 Nxd2 19. Qxd2 f6 20. f4 fxe5 21.
fxe5 c6 22. Rf1 Rxf1+ 23. Rxf1 Qe7 24. Nf5 Bxf5 25. Rf4 0-1

[Event "Tournoi Skype 032A"]
[Site "Skype"]
[Date "????.??.??"]
[Round "6.7"]
[White "Lovell, Stan"]
[Black "Graham, Neil"]
[Result "1-0"]
[WhiteElo "1684"]
[BlackElo "1622"]
[PlyCount "41"]

1. d4 Nf6 2. Nc3 g6 3. e4 d6 4. Be2 Bg7 5. Bf4 Nbd7 6. Qd2 O-O 7. h4 e5 8. dxe5
Nxe5 9. h5 Nxh5 10. Bxh5 gxh5 11. Rxh5 Bg4 12. Rh2 c6 13. f3 Nc4 14. Qc1 Be6
15. Nge2 Qe7 16. Bh6 Bxh6 17. Qxh6 f5 18. O-O-O Rad8 19. Nf4 Rf6 20. Qg5+ Kh8
21. Rxh7+ 1-0

[Event "Tournoi Skype 032A"]
[Site "Skype"]
[Date "????.??.??"]
[Round "6.8"]
[White "Rincon Martin, Santiago"]
[Black "Trivedi, Viral"]
[Result "1/2-1/2"]
[WhiteElo "1673"]
[BlackElo "1551"]
[PlyCount "104"]

1. c4 e6 2. g3 c6 3. Bg2 f5 4. e4 Nf6 5. exf5 exf5 6. Nf3 d6 7. Nc3 Be7 8. O-O
O-O 9. Re1 Re8 10. d4 Na6 11. b3 d5 12. Ne5 Ne4 13. Bb2 Be6 14. Nxe4 fxe4 15.
cxd5 cxd5 16. f3 exf3 17. Bxf3 Bd6 18. Rc1 Rc8 19. a3 Rf8 20. Bg2 Nc7 21. Rf1
Rxf1+ 22. Qxf1 Ne8 23. Qe2 Rxc1+ 24. Bxc1 Qb6 25. Qe3 Nf6 26. Nc4 dxc4 27.
Qxe6+ Kf8 28. Qc8+ Ne8 29. Qxc4 Be7 30. Kh1 Nd6 31. Qd3 Qc7 32. Qf3+ Kg8 33.
Bf4 Qa5 34. Qd5+ Qxd5 35. Bxd5+ Kf8 36. Bxd6 Bxd6 37. Bxb7 Bxa3 38. d5 Ke7 39.
Kg2 g6 40. Kf3 Kf6 41. h3 h5 42. g4 hxg4+ 43. hxg4 g5 44. Ke4 Bb4 45. Ba6 Bd6
46. Kd4 Ke7 47. Kc4 Kf6 48. Kb5 Ke5 49. Kc6 Bb8 50. Bc8 Bd6 51. Be6 a5 52. Kb5
Bb4 1/2-1/2

[Event "Tournoi Skype 032A"]
[Site "Skype"]
[Date "????.??.??"]
[Round "6.9"]
[White "Deville, Olivier"]
[Black "Morales Terreros, Jose Luis"]
[Result "0-1"]
[WhiteElo "1863"]
[BlackElo "1623"]
[PlyCount "80"]

1. Nf3 Nf6 2. c4 d6 3. d4 Nbd7 4. Nc3 e5 5. e4 g6 6. Be2 Bg7 7. O-O O-O 8. Be3
Ng4 9. Bg5 Ngf6 10. Qd2 Bh8 11. Rfd1 Re8 12. d5 Nf8 13. b4 h5 14. h3 N8h7 15.
Be3 Bd7 16. c5 Qc8 17. Bf1 Kg7 18. Rac1 Qd8 19. Qc2 a6 20. Nd2 g5 21. Nc4 Qe7
22. cxd6 cxd6 23. Nb6 Rab8 24. a4 g4 25. b5 Rg8 26. bxa6 bxa6 27. Bxa6 gxh3 28.
Nxd7 Qxd7 29. Bf1 hxg2 30. Bxg2 Kf8 31. Kh1 Ng4 32. Rg1 Nxe3 33. fxe3 Qg4 34.
Bh3 Qf3+ 35. Bg2 Qg4 36. Bh3 Qxh3+ 37. Qh2 Qf3+ 38. Rg2 Rb2 39. Rcg1 Rgxg2 40.
Rxg2 Rc2 0-1

[Event "Tournoi Skype 032A"]
[Site "Skype"]
[Date "????.??.??"]
[Round "6.10"]
[White "Engstrom, Olle"]
[Black "Segura Lozano, Marcos Antonio"]
[Result "0-1"]
[WhiteElo "1674"]
[BlackElo "1825"]
[PlyCount "84"]

1. e4 c5 2. Nf3 d6 3. d4 cxd4 4. Nxd4 Nf6 5. Nc3 a6 6. Be2 g6 7. Be3 Bg7 8. Qd2
e5 9. Nb3 Be6 10. O-O-O Ke7 11. Bg5 h6 12. Bxf6+ Bxf6 13. Nd5+ Bxd5 14. Qxd5
Ra7 15. Rd3 b6 16. Rhd1 Rd7 17. Bg4 Rc7 18. Qxd6+ Qxd6 19. Rxd6 Bg5+ 20. Kb1
Rc6 21. Rxc6 Nxc6 22. c3 h5 23. Bh3 Rb8 24. g3 a5 25. Rd7+ Kf8 26. Bf1 a4 27.
Nd2 b5 28. Nf3 Be7 29. Rd5 b4 30. c4 f6 31. b3 axb3 32. axb3 g5 33. Kb2 Kf7 34.
c5 f5 35. Bd3 f4 36. gxf4 gxf4 37. Nd2 Kf6 38. Be2 h4 39. h3 Rg8 40. Bg4 Nd4
41. f3 Ne2 42. Nc4 Ra8 0-1

[Event "Tournoi Skype 032A"]
[Site "Skype"]
[Date "????.??.??"]
[Round "6.11"]
[White "Lambert, Pierre"]
[Black "Mayor Martinez, Juan Jose"]
[Result "0-1"]
[WhiteElo "1791"]
[BlackElo "1802"]
[PlyCount "94"]

1. e4 c5 2. Nf3 Nc6 3. d4 cxd4 4. Nxd4 e6 5. Be3 a6 6. a4 Qc7 7. c3 Nf6 8. Nd2
Be7 9. Rc1 O-O 10. Be2 d5 11. Nxc6 bxc6 12. Bf3 e5 13. O-O Rd8 14. exd5 cxd5
15. Nb3 e4 16. Be2 Bb7 17. Nd4 Qd7 18. h3 g6 19. f4 exf3 20. Nxf3 Qe6 21. Bd4
Ne4 22. Bd3 f5 23. Re1 Bc6 24. b4 Rdb8 25. Ne5 Bh4 26. Nxc6 Qxc6 27. b5 axb5
28. Bxb5 Qd6 29. Re2 Bg5 30. Be3 Bxe3+ 31. Rxe3 Rd8 32. Qd4 Qa3 33. Ree1 Rac8
34. Ra1 Qxc3 35. Qxc3 Nxc3 36. Re7 Rc5 37. Rb7 d4 38. Rd7 Rxd7 39. Bxd7 Ra5 40.
Kf1 Kf7 41. Re1 Kf6 42. Bc6 d3 43. Bf3 Rxa4 44. Rc1 Ra3 45. Ke1 Ne4 46. Rc6+
Ke5 47. Rc7 Kf4 0-1

[Event "Tournoi Skype 032A"]
[Site "Skype"]
[Date "????.??.??"]
[Round "6.12"]
[White "Quiel, Aristoteles"]
[Black "Alvarez, Juan Evangelista"]
[Result "0-1"]
[WhiteElo "1596"]
[BlackElo "1693"]
[PlyCount "62"]

1. e4 Nf6 2. e5 Nd5 3. d4 d6 4. Nf3 Nc6 5. Be2 dxe5 6. c4 Nf4 7. Bxf4 exf4 8.
d5 Nb8 9. Nc3 e6 10. O-O Be7 11. Ne5 Qd6 12. Nf3 exd5 13. Nxd5 Be6 14. Re1 Nd7
15. Nxe7 Qxe7 16. Rc1 O-O-O 17. Qd4 Nc5 18. Qxf4 h6 19. b4 g5 20. Qe3 Nd7 21.
Qxa7 g4 22. Ne5 Nxe5 23. Qa8+ Kd7 24. Rcd1+ Ke8 25. Rxd8+ Qxd8 26. Qxb7 Qd2 27.
Kf1 Ke7 28. Qxc7+ Kf6 29. c5 Re8 30. Qc6 Nxc6 31. Bb5 Bc4+ 0-1

[Event "Tournoi Skype 032A"]
[Site "Skype"]
[Date "????.??.??"]
[Round "6.13"]
[White "Khetre, Gaurav"]
[Black "Quispe, Alberto"]
[Result "1-0"]
[WhiteElo "1701"]
[BlackElo "1680"]
[PlyCount "115"]

1. e4 e6 2. d4 d5 3. exd5 exd5 4. Bd3 Nf6 5. Ne2 Bd6 6. O-O O-O 7. Bf4 Re8 8.
Bxd6 Qxd6 9. Nd2 Be6 10. c3 Nbd7 11. Qc2 g6 12. Rfe1 Ng4 13. Nf3 Ndf6 14. h3
Nh6 15. Ng3 Qf4 16. Ne5 Nf5 17. Nxf5 Bxf5 18. Re2 Bxd3 19. Qxd3 Ne4 20. Qb5 c6
21. Qxb7 Qf6 22. Nxc6 Kg7 23. Rae1 Nd6 24. Qb3 Rxe2 25. Rxe2 Nc4 26. Nb4 Qd6
27. Nd3 Rb8 28. Qc2 Qf6 29. b3 Na3 30. Qd2 Nb5 31. Nc5 Rc8 32. Re5 Qd6 33. Qe3
Nc7 34. Nd3 Ne6 35. Nb4 Re8 36. Nxd5 f6 37. Nc7 Qxc7 38. Rxe6 Rxe6 39. Qxe6
Qxc3 40. Qe7+ Kg8 41. Qxf6 Qa1+ 42. Kh2 Qxa2 43. Qe6+ Kf8 44. f3 Qb2 45. Qc4
Qd2 46. d5 Qg5 47. Qc5+ Kg7 48. Qxa7+ Kh6 49. Qd4 Qd8 50. b4 g5 51. d6 Kg6 52.
b5 Kf7 53. Qd5+ Kf8 54. Qc5 Ke8 55. Qc6+ Qd7 56. Qc5 h6 57. b6 Qf7 58. Qc8# 1-0

[Event "Tournoi Skype 032A"]
[Site "Skype"]
[Date "????.??.??"]
[Round "6.14"]
[White "Khabou, Taha"]
[Black "Casey, Eamonn"]
[Result "1/2-1/2"]
[WhiteElo "1615"]
[BlackElo "1724"]
[PlyCount "52"]

1. d4 Nf6 2. Bf4 g6 3. e3 Bg7 4. Bd3 O-O 5. Nd2 d6 6. h3 Nbd7 7. c3 b6 8. Bc2
Ba6 9. Bb3 Rc8 10. Bc4 Bxc4 11. Nxc4 Ne4 12. Nf3 Re8 13. O-O Ndf6 14. a4 c5 15.
Qe2 Nd5 16. Bh2 cxd4 17. exd4 Qc7 18. Ne3 Nxe3 19. Qxe3 Qc6 20. Rfe1 Nf6 21.
Bg3 Nd5 22. Qd3 a5 23. Nd2 Bh6 24. Nf1 Nf4 25. Bxf4 Bxf4 26. Qe4 Qxe4 1/2-1/2

[Event "Tournoi Skype 032A"]
[Site "Skype"]
[Date "????.??.??"]
[Round "6.15"]
[White "Rodier, Marc"]
[Black "Kumbhar, Ashok"]
[Result "1-0"]
[WhiteElo "1686"]
[BlackElo "1511"]
[PlyCount "26"]

1. e4 e5 2. Nf3 Nc6 3. Bb5 a6 4. Ba4 b5 5. Bb3 Nf6 6. Ng5 d5 7. exd5 Nxd5 8.
Nxf7 Qd7 9. Nxh8 Nf6 10. O-O Bd6 11. d3 Qf5 12. Nf7 Ng4 13. Nxd6+ cxd6 1-0

[Event "Tournoi Skype 032A"]
[Site "Skype"]
[Date "????.??.??"]
[Round "6.16"]
[White "Gharbi, Said"]
[Black "Sanchez Ruiz, Justo"]
[Result "0-1"]
[WhiteElo "1544"]
[BlackElo "1671"]
[PlyCount "58"]

1. e4 d5 2. e5 c5 3. c3 e6 4. d4 Nc6 5. Nf3 Qb6 6. a3 Bd7 7. b4 cxd4 8. cxd4
Nge7 9. Nc3 Nf5 10. Bb5 a6 11. Bxc6 Bxc6 12. O-O Be7 13. Na4 Qd8 14. Bb2 O-O
15. Rc1 Bxa4 16. Qxa4 Nh4 17. Rc3 Nxf3+ 18. Rxf3 f6 19. Re1 f5 20. Bc1 b5 21.
Qc2 Rc8 22. Rc3 Qd7 23. Ree3 Rxc3 24. Rxc3 Re8 25. Rc7 Qd8 26. Ra7 Qb6 27. Rc7
Qxd4 28. Rc6 Qxe5 29. Rxa6 Qe1# 0-1

[Event "Tournoi Skype 032A"]
[Site "Skype"]
[Date "????.??.??"]
[Round "6.17"]
[White "Castellanos Gonzalez, Mariano"]
[Black "Bendre, Pankaj"]
[Result "1-0"]
[WhiteElo "1670"]
[BlackElo "1479"]
[PlyCount "131"]

1. e4 c5 2. g3 e6 3. Bg2 Nc6 4. f4 d6 5. Nf3 Qc7 6. O-O Nf6 7. Nc3 a6 8. h3 Be7
9. d3 O-O 10. Be3 Nh5 11. Qe1 f5 12. g4 fxg4 13. hxg4 Nxf4 14. Qg3 Nxg2 15.
Kxg2 e5 16. Rh1 Be6 17. g5 Bf7 18. Qh3 Bg6 19. Nh4 Bh5 20. Nd5 Qd8 21. Nxe7+
Qxe7 22. Nf5 Bf3+ 23. Qxf3 Qe8 24. Qh3 Qg6 25. Qh5 Qxh5 26. Rxh5 g6 27. Nh6+
Kh8 28. Rh3 Nd8 29. Ng4 Ne6 30. Nf6 Rf7 31. Rah1 Nf8 32. c3 Rc8 33. Rf3 Kg7 34.
Ng4 Rxf3 35. Kxf3 Rc7 36. Rf1 Rf7+ 37. Kg2 Re7 38. d4 exd4 39. cxd4 Rxe4 40.
Rf4 Rxf4 41. Bxf4 cxd4 42. Bxd6 Ne6 43. Be5+ Kg8 44. Nf6+ Kg7 45. Ne4+ Kg8 46.
Kf2 Kf7 47. Ke2 Kg8 48. Kd3 Kf7 49. b4 b5 50. Bxd4 Nxd4 51. Kxd4 Ke6 52. a3 Kf5
53. Kd5 Kf4 54. Kd4 Kf5 55. Kd5 Kf4 56. Nf6 Kxg5 57. Nxh7+ Kf5 58. Kc6 g5 59.
Nxg5 Kxg5 60. Kb6 Kf6 61. Kxa6 Ke6 62. Kxb5 Kd7 63. Kb6 Kd6 64. b5 Kd5 65. Kc7
Kc5 66. b6 1-0

[Event "Tournoi Skype 032A"]
[Site "Skype"]
[Date "????.??.??"]
[Round "6.18"]
[White "Chavero, Victor"]
[Black "Nicolini, Francesco"]
[Result "1-0"]
[WhiteElo "1563"]
[BlackElo "1666"]
[PlyCount "53"]

1. d4 d5 2. Nf3 Bf5 3. Bf4 e6 4. e3 Nd7 5. Bd3 Bg6 6. O-O Bd6 7. Bxg6 hxg6 8.
Bxd6 cxd6 9. Nbd2 e5 10. e4 dxe4 11. Nxe4 Qe7 12. dxe5 dxe5 13. Qd5 Ndf6 14.
Qb5+ Kf8 15. Neg5 Ng4 16. h3 e4 17. Rfe1 N4f6 18. Nxf7 Qxf7 19. Ne5 Rh5 20.
Qb4+ Ne7 21. Nxf7 Kxf7 22. f3 Rah8 23. fxe4 Rg5 24. Qb3+ Kf8 25. Red1 Rhh5 26.
Rd8+ Ne8 27. Rf1+ 1-0

[Event "Tournoi Skype 032A"]
[Site "Skype"]
[Date "????.??.??"]
[Round "6.19"]
[White "Llabres, Sergio"]
[Black "Herrera, Oscar"]
[Result "1-0"]
[WhiteElo "1556"]
[BlackElo "1635"]
[PlyCount "79"]

1. d4 d5 2. Bf4 Nc6 3. e3 a6 4. Nf3 Bf5 5. a3 e6 6. c4 Nf6 7. h3 h6 8. c5 Be7
9. Nc3 b5 10. Bd3 Bxd3 11. Qxd3 Nh5 12. Bh2 b4 13. Ne2 Nf6 14. Nf4 Ne4 15. O-O
Bg5 16. Nxg5 Qxg5 17. Ne2 b3 18. Ng3 f5 19. Nxe4 fxe4 20. Qxb3 O-O 21. Qb7 Na5
22. Qxc7 Nb3 23. Rad1 Rf7 24. Qd6 Raf8 25. Bg3 Na5 26. Qxa6 Nc4 27. Bf4 Qh5 28.
Qb5 Rf6 29. Rc1 Nd2 30. Rfe1 Nf3+ 31. gxf3 Rg6+ 32. Bg3 exf3 33. Kh2 Rg4 34.
Rg1 Rg6 35. c6 Rxg3 36. Rxg3 Rf6 37. c7 Kh7 38. c8=Q Rg6 39. Qbe8 Qxh3+ 40.
Kxh3 1-0

[Event "Tournoi Skype 032A"]
[Site "Skype"]
[Date "????.??.??"]
[Round "6.20"]
[White "Vaswani, Manohar"]
[Black "Saponara, Jose Maria"]
[Result "0-1"]
[WhiteElo "1447"]
[BlackElo "1710"]
[PlyCount "78"]

1. d4 g6 2. Bf4 d6 3. e3 Bg7 4. Nf3 Nd7 5. Bc4 e6 6. Nbd2 Ngf6 7. c3 a6 8. Ng5
Qe7 9. O-O h6 10. Nge4 Nxe4 11. Nxe4 d5 12. Bxd5 exd5 13. Ng3 g5 14. Bxc7 Nf6
15. Ba5 h5 16. Re1 h4 17. Nf1 Be6 18. Qb3 Qd7 19. Nd2 Rc8 20. Qd1 g4 21. f3 g3
22. e4 gxh2+ 23. Kxh2 dxe4 24. Nxe4 Nxe4 25. Rxe4 Qd6+ 26. Kg1 Kd7 27. Qe2 h3
28. Bb4 Qg3 29. d5 Bxd5 30. Rd1 Kc6 31. Rg4 Qe5 32. Qxe5 Bxe5 33. gxh3 Rxh3 34.
f4 Rh1+ 35. Kf2 Rxd1 36. fxe5 Rh8 37. Ke2 Rb1 38. c4 Rxb2+ 39. Kd3 Rh3+ 0-1

[Event "Tournoi Skype 032A"]
[Site "Skype"]
[Date "????.??.??"]
[Round "6.21"]
[White "Lago Carballo, Maria Del Carmen"]
[Black "Gadow, Martin"]
[Result "0-1"]
[WhiteElo "1604"]
[BlackElo "1651"]
[PlyCount "64"]

1. e4 c5 2. c3 Nc6 3. Nf3 e6 4. Bd3 Qc7 5. Bc2 Nf6 6. d3 Be7 7. O-O d5 8. h3
dxe4 9. dxe4 O-O 10. Be3 b6 11. Qc1 Bb7 12. Bf4 e5 13. Bh2 Nd7 14. Rd1 Nd8 15.
Qd2 Bc6 16. Na3 b5 17. Nb1 Ne6 18. Qe3 Bb7 19. Nbd2 c4 20. Nf1 Bc5 21. Qe1 Rae8
22. Rd2 f5 23. Rad1 Re7 24. Ng3 Nf4 25. Nxf5 Rxf5 26. exf5 Bxf3 27. Bxf4 Bxd1
28. Qxd1 exf4 29. Kh1 Nf6 30. f3 Qe5 31. Be4 Nxe4 32. fxe4 Qxe4 0-1

[Event "Tournoi Skype 032A"]
[Site "Skype"]
[Date "????.??.??"]
[Round "6.22"]
[White "Junqueira, Leonardo De Faria"]
[Black "De Nobrega, George"]
[Result "0-1"]
[WhiteElo "1645"]
[BlackElo "1572"]
[PlyCount "54"]

1. Nf3 Nc6 2. e4 e5 3. d4 exd4 4. Bc4 h6 5. O-O Bc5 6. c3 d6 7. cxd4 Bb6 8. Nc3
Nf6 9. e5 dxe5 10. d5 Na5 11. Nxe5 Nxc4 12. Nxc4 O-O 13. Bf4 a6 14. d6 Be6 15.
Nxb6 cxb6 16. Qf3 Qd7 17. Na4 Qxa4 18. Qg3 Kh7 19. Rfd1 Qd7 20. b3 Nh5 21. Qh4
Nxf4 22. Qxf4 Rac8 23. Rac1 Rxc1 24. Rxc1 Rc8 25. Rxc8 Qxc8 26. h3 Qc2 27. Qa4
Qc6 0-1

[Event "Tournoi Skype 032A"]
[Site "Skype"]
[Date "????.??.??"]
[Round "6.23"]
[White "Hague, Mark"]
[Black "Perrone, Gabriel Lorenzo"]
[Result "0-1"]
[WhiteElo "1582"]
[BlackElo "1629"]
[PlyCount "60"]

1. d4 Nf6 2. e3 d5 3. Bd3 Bg4 4. Nf3 Bxf3 5. Qxf3 e6 6. Nd2 c5 7. c3 Nc6 8. O-O
cxd4 9. exd4 Be7 10. Qh3 Qd7 11. Nf3 e5 12. Qxd7+ Nxd7 13. Nxe5 Ndxe5 14. dxe5
Nxe5 15. Bb5+ Nc6 16. Bf4 O-O 17. Rfe1 Rfe8 18. Rad1 a6 19. Ba4 Rad8 20. Bb3 d4
21. Re2 Bf6 22. Rxe8+ Rxe8 23. cxd4 Nxd4 24. Bd5 Ne2+ 25. Kf1 Nxf4 26. Bxb7 a5
27. b3 g6 28. Rd6 Kg7 29. Ra6 Bc3 30. a3 Re1# 0-1

[Event "Tournoi Skype 032A"]
[Site "Skype"]
[Date "????.??.??"]
[Round "6.24"]
[White "Vello, Pablo"]
[Black "Bourdeau, Yvan"]
[Result "1/2-1/2"]
[WhiteElo "1514"]
[BlackElo "1740"]
[PlyCount "45"]

1. d4 g6 2. Nc3 Bg7 3. Bf4 d6 4. e4 Nc6 5. d5 Ne5 6. Be2 a5 7. Nf3 Nxf3+ 8.
Bxf3 e6 9. O-O e5 10. Be3 h5 11. Qd2 Bh6 12. Bxh6 Nxh6 13. Rad1 Bg4 14. Be2
Bxe2 15. Nxe2 Ng4 16. Qd3 O-O 17. h3 Nf6 18. f4 Nd7 19. f5 Qg5 20. Qg3 Qxg3 21.
Nxg3 h4 22. Ne2 Nc5 23. Nc3 1/2-1/2

[Event "Tournoi Skype 032A"]
[Site "Skype"]
[Date "????.??.??"]
[Round "6.25"]
[White "Davis, Michael"]
[Black "Garcia Andrinal, Antonio"]
[Result "0-1"]
[WhiteElo "1590"]
[BlackElo "1725"]
[PlyCount "92"]

1. d4 d5 2. c4 e5 3. Nf3 Nc6 4. dxe5 d4 5. a3 Nge7 6. Bg5 Bg4 7. Qa4 Qd7 8.
Nbd2 Ng6 9. h3 Bxf3 10. Nxf3 Ngxe5 11. Nxe5 Nxe5 12. Qxd7+ Kxd7 13. e3 dxe3 14.
Rd1+ Kc6 15. Bxe3 Be7 16. Be2 Bc5 17. Bxc5 Kxc5 18. b3 Rad8 19. O-O c6 20. b4+
Kb6 21. c5+ Kc7 22. Rfe1 Rhe8 23. Rxd8 Kxd8 24. Rd1+ Kc7 25. Bg4 Nxg4 26. hxg4
Re4 27. Kf1 Rxg4 28. Re1 Rf4 29. Re7+ Kc8 30. g3 Rf6 31. Re8+ Kd7 32. Re3 Re6
33. Rd3+ Ke7 34. Kg2 Re5 35. Kf3 a5 36. Re3 Ke6 37. Kf4 Rxe3 38. Kxe3 Kd5 39.
Kd3 axb4 40. axb4 f5 41. f3 g5 42. Kc3 h5 43. Kd3 h4 44. gxh4 gxh4 45. Ke3 Ke5
46. Kf2 Kf4 0-1

[Event "Tournoi Skype 032A"]
[Site "Skype"]
[Date "????.??.??"]
[Round "6.26"]
[White "Aceituno, Stebe"]
[Black "Lopes, Marcia Maria"]
[Result "0-1"]
[WhiteElo "1641"]
[BlackElo "1579"]
[PlyCount "130"]

1. e4 c5 2. Nf3 d6 3. d4 cxd4 4. Nxd4 Nf6 5. Nc3 a6 6. Be2 e5 7. Nb3 Be7 8. O-O
O-O 9. Be3 Be6 10. a4 Nbd7 11. Nd2 Rc8 12. a5 d5 13. exd5 Nxd5 14. Nxd5 Bxd5
15. Bf3 Nf6 16. c3 Bxf3 17. Qxf3 Re8 18. Rfd1 Bf8 19. Qxb7 Ng4 20. Bb6 Qf6 21.
Ne4 Qf4 22. g3 Qf5 23. h3 Nf6 24. Nxf6+ Qxf6 25. Qxa6 Bc5 26. Qe2 Bxb6 27. axb6
Qxb6 28. Ra6 Qb7 29. Rda1 Rb8 30. b4 Qc8 31. Qe3 Qxh3 32. Qe4 Qc8 33. Kg2 Qxc3
34. Qf5 Qc7 35. Ra7 Qc6+ 36. f3 Qe6 37. Qxe6 Rxe6 38. Rb1 Reb6 39. Kf2 f6 40.
Ra4 h5 41. Ke3 Kf7 42. Ke4 Ke6 43. Rb3 g5 44. Kd3 f5 45. Ke3 f4+ 46. gxf4 exf4+
47. Kf2 Rb5 48. Ra6+ R8b6 49. Ra8 Rxb4 50. Re8+ Kf5 51. Rd3 Rb2+ 52. Ke1 Rb1+
53. Rd1 Rxd1+ 54. Kxd1 Rd6+ 55. Ke2 Re6+ 56. Rxe6 Kxe6 57. Kf2 Kf5 58. Kg2 g4
59. fxg4+ hxg4 60. Kf2 Ke4 61. Kg2 g3 62. Kf1 f3 63. Kg1 Ke3 64. Kf1 g2+ 65.
Kg1 Ke2 0-1

[Event "Tournoi Skype 032A"]
[Site "Skype"]
[Date "????.??.??"]
[Round "6.27"]
[White "Abdulrazzaq, Mohsen"]
[Black "Carballo, Jorge"]
[Result "1/2-1/2"]
[WhiteElo "1585"]
[BlackElo "1620"]
[PlyCount "52"]

1. e4 e5 2. Nf3 Nc6 3. Bc4 Be7 4. c3 Nf6 5. d3 d5 6. exd5 Nxd5 7. O-O Nb6 8.
Bb3 e4 9. dxe4 Qxd1 10. Rxd1 Bg4 11. Nbd2 Ne5 12. h3 Nxf3+ 13. Nxf3 Bxf3 14.
gxf3 O-O 15. Be3 c5 16. c4 Rad8 17. Rac1 Rd7 18. Rxd7 Nxd7 19. Rd1 Rd8 20. Ba4
Ne5 21. Rxd8+ Bxd8 22. Bxc5 Nxc4 23. Bxa7 Nxb2 24. Bb3 Nd3 25. Bd4 Nb4 26. Bc5
Nc6 1/2-1/2

[Event "Tournoi Skype 032A"]
[Site "Skype"]
[Date "????.??.??"]
[Round "6.28"]
[White "Pasasin, Alejandro"]
[Black "Hadla, Mohammad Ali"]
[Result "0-1"]
[WhiteElo "1576"]
[BlackElo "1614"]
[PlyCount "58"]

1. e4 e5 2. Nf3 Nc6 3. Bb5 a6 4. Ba4 Nf6 5. d4 exd4 6. O-O b5 7. Bb3 Be7 8. e5
Ng4 9. Bf4 d6 10. exd6 Bxd6 11. Re1+ Be7 12. Nxd4 Nxd4 13. c3 Nxb3 14. axb3
Qxd1 15. Rxd1 O-O 16. Nd2 c5 17. Nf3 Bb7 18. h3 Bxf3 19. gxf3 Nf6 20. Bg5 h6
21. Bxf6 Bxf6 22. Rd7 Rad8 23. Rad1 Rxd7 24. Rxd7 Rd8 25. Rxd8+ Bxd8 26. Kg2 f5
27. Kg3 g5 28. f4 Bc7 29. Kf3 Bxf4 0-1

[Event "Tournoi Skype 032A"]
[Site "Skype"]
[Date "????.??.??"]
[Round "6.29"]
[White "Galani, Mahendra"]
[Black "Grib, Johannes"]
[Result "1/2-1/2"]
[WhiteElo "1572"]
[BlackElo "1599"]
[PlyCount "41"]

1. e4 c5 2. Nf3 Nc6 3. c3 e6 4. Bb5 Nge7 5. d4 cxd4 6. cxd4 a6 7. Be2 b5 8. a3
Bb7 9. d5 exd5 10. exd5 Na7 11. Nc3 Nf5 12. Qd3 Nd6 13. Qe3+ Be7 14. b3 O-O 15.
O-O Re8 16. Qd3 Bf6 17. Bb2 Rc8 18. Rac1 Ne4 19. Rfe1 Nc5 20. Qd1 Ne4 21. Qd3
1/2-1/2

[Event "Tournoi Skype 032A"]
[Site "Skype"]
[Date "????.??.??"]
[Round "6.30"]
[White "Ramirez Reina, Orlando"]
[Black "Munoz Gonzalez, Martin"]
[Result "1/2-1/2"]
[WhiteElo "1567"]
[BlackElo "1658"]
[PlyCount "67"]

1. e4 c5 2. d4 cxd4 3. Qxd4 Nc6 4. Qd1 Nf6 5. Nc3 e6 6. a3 d5 7. exd5 Nxd5 8.
Bd2 Be7 9. Nf3 O-O 10. Bc4 Nxc3 11. Bxc3 Qxd1+ 12. Rxd1 Rd8 13. O-O a6 14. Ba2
Bd7 15. Ne5 Nxe5 16. Bxe5 Bb5 17. Rfe1 Rxd1 18. Rxd1 Rd8 19. Rxd8+ Bxd8 20. c4
Bc6 21. b3 Be7 22. a4 Bb4 23. Bb1 h6 24. f3 Kf8 25. Kf1 f6 26. Bb2 Kf7 27. Be4
Bxe4 28. fxe4 h5 29. h3 g6 30. Ke2 e5 31. Kf3 Ke6 32. g3 Bc5 33. Bc3 Bd4 34.
Bd2 1/2-1/2